[Event "NZL-ch op 131st"]
[Site "Palmerston North"]
[Date "2024.01.09"]
[Round "8.8"]
[White "Milligan, Helen"]
[Black "Liu, William Rui"]
[Result "1/2-1/2"]
[WhiteElo "1941"]
[BlackElo "1853"]
[PlyCount "117"]
[EventDate "2024.01.02"]
[EventType "swiss"]
[EventRounds "9"]
[EventCountry "NZL"]
[SourceTitle "CB03_2024"]
[SourceDate "2024.01.17"]
[SourceVersion "1"]
[SourceVersionDate "2024.01.17"]
[SourceQuality "1"]

1. e4 c5 2. Nf3 g6 3. c4 Bg7 4. d4 cxd4 5. Nxd4 Nc6 6. Be3 Nf6 7. Nc3 d6 8. Be2 0-0 9. 0-0 Bd7 10. f3 Nxd4 11. Bxd4 Bc6 12. Qd2 a5 13. b3 Nd7 14. Rac1 Bxd4+ 15. Qxd4 Qb6 16. Rfd1 Qxd4+ 17. Rxd4 Nc5 18. Bd1 Rfc8 19. Rd2 Kg7 20. Bc2 Ne6 21. Rcd1 Rc7 22. Bd3 Nc5 23. Bf1 Ne6 24. Kf2 Kf6 25. g3 g5 26. Ke3 Rg8 27. Bh3 Rg6 28. f4 Rh6 29. Bxe6 gxf4+ 30. gxf4 fxe6 31. Rg1 Rc8 32. Rg3 Rg6 33. Rdg2 b6 34. Ne2 b5 35. cxb5 Bxb5 36. Kd2 Bxe2 37. Rxe2 e5 38. f5 Rxg3 39. hxg3 e6 40. fxe6 Kxe6 41. Rh2 Rh8 42. Rh6+ Kd7 43. Kd3 Kc6 44. Kc4 Rg8 45. Rxh7 Rg4 46. Rh4 d5+ 47. Kc3 Rxg3+ 48. Kc2 Rg2+ 49. Kd3 Rxa2 50. Rh6+ Kc5 51. exd5 Kxd5 52. Rh8 e4+ 53. Ke3 a4 54. bxa4 Ra3+ 55. Ke2 Rxa4 56. Rd8+ Ke5 57. Re8+ Kd5 58. Rd8+ Ke5 59. Re8+ 1/2-1/2

[Event "Asia-ch Seniors"]
[Site "Tagaytay City"]
[Date "2023.10.18"]
[Round "5"]
[White "Milligan, Helen"]
[Black "Nadera, Barlo A"]
[Result "0-1"]
[WhiteElo "1947"]
[BlackElo "2168"]
[PlyCount "122"]
[EventDate "2023.10.15"]
[EventType "swiss"]
[EventRounds "9"]
[EventCountry "PHI"]
[SourceTitle "Mega2024 Update 01"]
[Source "Chessbase"]
[SourceDate "2023.11.12"]
[SourceVersion "1"]
[SourceVersionDate "2023.11.12"]
[SourceQuality "1"]

1. e4 e6 2. d4 d5 3. Nc3 Bb4 4. e5 c5 5. a3 Bxc3+ 6. bxc3 Qa5 7. Bd2 Qa4 8. Qb1 c4 9. Nh3 Nc6 10. Nf4 g6 11. g3 h6 12. Bg2 Nge7 13. 0-0 Bd7 14. Re1 0-0-0 15. Qb2 Kb8 16. Rab1 b6 17. Qc1 Rh7 18. Bh3 Ka8 19. Ng2 Rc8 20. Ne3 h5 21. Bg2 Rhh8 22. Nf1 Nf5 23. Bg5 Qa5 24. Qb2 Rhe8 25. h4 Nfxd4 26. cxd4 c3 27. Qa2 Nxd4 28. Ne3 Bc6 29. Rb4 Nb5 30. Rb3 Kb7 31. Rd1 Qa4 32. Rd3 a5 33. Nd1 d4 34. Qb1 Ka6 35. Bxc6 Rxc6 36. Qa2 Rc5 37. f4 Qc4 38. a4 Nc7 39. Nf2 Nd5 40. Ne4 Nb4 41. Qb1 Rb8 42. Nd6 Qxd3 43. cxd3 c2 44. Qc1 Na2 45. f5 Nxc1 46. Bxc1 Rxe5 47. Kf2 Rd5 48. Nc4 Rxf5+ 49. Ke2 Rc5 50. Rb2 e5 51. Rxc2 f5 52. Ba3 Rc6 53. Bb2 b5 54. axb5+ Rxb5 55. Kd2 a4 56. Ba3 e4 57. Be7 Rb3 58. Ne5 e3+ 59. Kc1 Re6 60. Rc6+ Rxc6+ 61. Nxc6 Rc3+ 0-1

[Event "Asian-ch Seniors 50"]
[Site "Auckland"]
[Date "2022.10.21"]
[Round "8"]
[White "Milligan, Helen"]
[Black "Ha, Huy Minh"]
[Result "1/2-1/2"]
[WhiteElo "1982"]
[BlackElo "1620"]
[PlyCount "180"]
[EventDate "2022.10.15"]
[EventType "swiss"]
[EventRounds "9"]
[EventCountry "NZL"]
[SourceTitle "EXT 2024"]
[Source "ChessBase"]
[SourceDate "2023.10.10"]
[SourceVersion "1"]
[SourceVersionDate "2023.10.10"]
[SourceQuality "1"]

1. e4 c6 2. d4 d5 3. Nc3 dxe4 4. Nxe4 Nf6 5. Nxf6+ exf6 6. Nf3 Bd6 7. Bd3 0-0 8. 0-0 Bg4 9. h3 Bh5 10. Be3 Nd7 11. Be2 f5 12. Qd2 Re8 13. Rfe1 Qc7 14. Qd3 f4 15. Bd2 Bg6 16. Qb3 Nf6 17. c4 Bh5 18. c5 Bf8 19. Bc4 Ne4 20. Re2 Nxd2 21. Rxd2 Bxf3 22. Qxf3 Re7 23. b4 a6 24. Rad1 g6 25. d5 cxd5 26. Bxd5 Rae8 27. Kf1 Bg7 28. Bc4 Qe5 29. Re2 Qc7 30. Rxe7 Rxe7 31. Qd5 Bc3 32. a3 Kg7 33. Be2 h6 34. Qd6 Be5 35. Qxc7 Rxc7 36. Bf3 Kf6 37. a4 Bc3 38. Rd6+ Ke5 39. Rb6 a5 40. Bxb7 Bxb4 41. c6 Kd4 42. Ke2 Re7+ 43. Kf3 Bd6 44. Rb1 Rc7 45. Rc1 Ke5 46. Ba6 h5 47. Bb5 g5 48. Re1+ Kf6 49. Re8 Re7 50. Ra8 Bc7 51. Rh8 Kg6 52. g3 fxg3 53. fxg3 Bb6 54. Rg8+ Kf6 55. Kg2 Bc7 56. Rh8 Kg6 57. Bd3+ f5 58. Rf8 Rf7 59. Re8 Kf6 60. Bc4 Re7 61. Rf8+ Ke5 62. Rh8 f4 63. Rxh5 fxg3 64. Rxg5+ Kf6 65. Rg8 Rg7 66. Rf8+ Kg5 67. Bb5 Kg6 68. h4 Rf7 69. Bd3+ Kg7 70. Rxf7+ Kxf7 71. Kh3 Ke6 72. Be4 Ke5 73. Bg2 Kf4 74. h5 Kg5 75. Bf3 Bd6 76. Kg2 Bc7 77. Kf1 Bb6 78. Kg2 Bc7 79. Bg4 Bd6 80. Bf3 Bc7 81. Kf1 Bb6 82. Ke2 g2 83. Bxg2 Kxh5 84. Kd3 Kg6 85. Ke4 Kf6 86. Kd5 Ke7 87. Kc4 Kd6 88. Kb5 Bd8 89. Ka6 Bc7 90. Kb7 Bd8 1/2-1/2

[Event "NZL-ch op 129th"]
[Site "Christchurch"]
[Date "2022.01.10"]
[Round "9"]
[White "Van der Hoorn, Thomas"]
[Black "Milligan, Helen"]
[Result "1/2-1/2"]
[WhiteElo "1685"]
[BlackElo "1956"]
[PlyCount "85"]
[EventDate "2022.01.02"]
[EventType "swiss"]
[EventRounds "9"]
[EventCountry "NZL"]
[SourceTitle "EXT 2023"]
[Source "ChessBase"]
[SourceDate "2022.10.05"]
[SourceVersion "1"]
[SourceVersionDate "2022.10.05"]
[SourceQuality "1"]

1. e4 e5 2. Nf3 Nc6 3. Bb5 a6 4. Ba4 Nf6 5. 0-0 Be7 6. Re1 b5 7. Bb3 d6 8. c3 0-0 9. h3 Bb7 10. d4 Re8 11. Nbd2 Bf8 12. d5 Nb8 13. Nf1 Nbd7 14. Ng3 Nc5 15. Bc2 c6 16. b4 Ncd7 17. dxc6 Bxc6 18. a4 h6 19. a5 d5 20. exd5 Bxd5 21. Bb3 Bxb3 22. Qxb3 Rc8 23. Nd2 Qc7 24. Bb2 Qc6 25. Rac1 Nd5 26. c4 Nf4 27. Nge4 Qg6 28. g3 bxc4 29. Rxc4 Rxc4 30. Qxc4 Nxh3+ 31. Kg2 Ng5 32. Nxg5 hxg5 33. Nf3 e4 34. Nd2 Qd6 35. Bc3 Nf6 36. Nxe4 Nxe4 37. Rxe4 Rxe4 38. Qxe4 g4 39. Qxg4 Qc6+ 40. Qf3 Qc4 41. Qe3 Bxb4 42. Bxb4 Qxb4 43. Qb6 1/2-1/2

[Event "Henderson Trusts op-A 43rd"]
[Site "Henderson"]
[Date "2021.06.07"]
[Round "6"]
[White "Cilia Vincenti, David"]
[Black "Milligan, Helen"]
[Result "0-1"]
[WhiteElo "2093"]
[BlackElo "1957"]
[PlyCount "86"]
[EventDate "2021.06.05"]
[EventType "swiss"]
[EventRounds "6"]
[EventCountry "NZL"]
[SourceTitle "EXT 2024"]
[Source "ChessBase"]
[SourceDate "2023.10.10"]
[SourceVersion "1"]
[SourceVersionDate "2023.10.10"]
[SourceQuality "1"]

1. d4 Nf6 2. c4 g6 3. Nc3 Bg7 4. e4 d6 5. h3 0-0 6. Be3 e5 7. d5 a5 8. g4 Na6 9. Nge2 Nc5 10. Ng3 Ne8 11. g5 f5 12. gxf6 Bxf6 13. Qd2 Bh4 14. Bg2 Bd7 15. 0-0-0 Ng7 16. Rdf1 a4 17. Kb1 Qe7 18. Rhg1 Rf7 19. Nce2 b5 20. f4 exf4 21. Rxf4 Rxf4 22. Bxf4 bxc4 23. e5 Nd3 24. exd6 cxd6 25. Ne4 Nxf4 26. Qxf4 Bf5 27. Ka1 a3 28. Qxd6 axb2+ 29. Kxb2 Qxd6 30. Nxd6 Bf6+ 31. Kc1 Bd3 32. Bf3 Rxa2 33. Rg2 c3 34. Kd1 Bc2+ 35. Kc1 Bb3 36. Nxc3 Rxg2 37. Bxg2 Bxc3 38. Nb5 Bf6 39. Kd2 Nf5 40. Kd3 Ba4 41. Nc7 Bd7 42. Ne6 Bxe6 43. dxe6 Kf8 0-1

[Event "Henderson Trusts op-A 43rd"]
[Site "Henderson"]
[Date "2021.06.07"]
[Round "5"]
[White "Metge, J Nigel"]
[Black "Milligan, Helen"]
[Result "1-0"]
[WhiteElo "1799"]
[BlackElo "1957"]
[PlyCount "117"]
[EventDate "2021.06.05"]
[EventType "swiss"]
[EventRounds "6"]
[EventCountry "NZL"]
[SourceTitle "EXT 2024"]
[Source "ChessBase"]
[SourceDate "2023.10.10"]
[SourceVersion "1"]
[SourceVersionDate "2023.10.10"]
[SourceQuality "1"]

1. d4 Nf6 2. c4 g6 3. Nc3 Bg7 4. e4 d6 5. f3 0-0 6. Be3 e5 7. d5 c6 8. Qd2 a6 9. Bd3 Nh5 10. Nge2 Nd7 11. g4 Nf4 12. Nxf4 exf4 13. Bxf4 Ne5 14. Be2 c5 15. Bg5 Qe8 16. Bh6 Bd7 17. h4 f6 18. h5 Bxh6 19. Qxh6 Nf7 20. Qf4 Qe5 21. Qxe5 fxe5 22. hxg6 hxg6 23. Kd2 Kg7 24. Ke3 Ng5 25. Nb1 b5 26. Nd2 b4 27. a3 a5 28. Nb3 a4 29. Nd2 b3 30. Raf1 Rf4 31. Nb1 Rh8 32. Rxh8 Kxh8 33. Nc3 Kg7 34. Rh1 Rf6 35. Nd1 Rf4 36. Nf2 Rf8 37. Nd3 Nf7 38. f4 exf4+ 39. Nxf4 Ne5 40. g5 Nf7 41. Rg1 Ne5 42. Ng2 Bc8 43. Nh4 Ba6 44. Rc1 Rh8 45. Nf3 Rh3 46. Kf2 Nxf3 47. Bxf3 Rh2+ 48. Bg2 Rh5 49. e5 dxe5 50. d6 Bc8 51. Bc6 Rh2+ 52. Ke3 Rxb2 53. Bxa4 Rh2 54. d7 Bxd7 55. Bxd7 Ra2 56. a4 b2 57. Rb1 Ra3+ 58. Ke4 Rb3 59. Bb5 1-0

[Event "NZL-ch op 127th"]
[Site "Tauranga"]
[Date "2020.01.22"]
[Round "9"]
[White "Lim, Benjamin U"]
[Black "Milligan, Helen"]
[Result "1/2-1/2"]
[WhiteElo "1898"]
[BlackElo "1940"]
[PlyCount "95"]
[EventDate "2020.01.14"]
[EventType "swiss"]
[EventRounds "9"]
[EventCountry "NZL"]
[SourceTitle "CBM 194 Extra"]
[Source "ChessBase"]
[SourceDate "2020.03.31"]
[SourceVersion "1"]
[SourceVersionDate "2020.03.31"]
[SourceQuality "1"]

1. e4 e5 2. Nf3 Nc6 3. Bb5 a6 4. Ba4 Nf6 5. 0-0 Be7 6. Re1 b5 7. Bb3 d6 8. c3 0-0 9. h3 Bb7 10. d4 Re8 11. Nbd2 Bf8 12. Bc2 g6 13. a4 exd4 14. Nxd4 Nxd4 15. cxd4 c5 16. d5 Nd7 17. a5 Bg7 18. Nf3 Ne5 19. Nxe5 Bxe5 20. Ra2 Qf6 21. Re3 Bc8 22. Rf3 Qg7 23. Bf4 Bxf4 24. Rxf4 Qe5 25. Rf3 Ra7 26. Qd2 Rae7 27. Rg3 Bd7 28. b3 Rf8 29. Rg5 Qf6 30. Bd3 Qd4 31. Qc2 f5 32. exf5 Re1+ 33. Kh2 Qf4+ 34. Rg3 Bxf5 35. Bxf5 Rxf5 36. Qd2 Qe5 37. Qh6 Rh5 38. Qd2 Re4 39. f3 Rd4 40. Qf2 Qxd5 41. f4 Rf5 42. Rf3 Qf7 43. Re3 Rdxf4 44. Qe1 Qd5 45. Rd2 Rd4 46. Re8+ Kg7 47. Rde2 Rdf4 48. Rd2 1/2-1/2

[Event "George Trundle Qualifiers"]
[Site "Auckland"]
[Date "2020.01.10"]
[Round "7"]
[White "Milligan, Helen"]
[Black "Xie, Felix"]
[Result "1/2-1/2"]
[WhiteElo "1940"]
[BlackElo "1906"]
[PlyCount "48"]
[EventDate "2020.01.04"]
[EventType "tourn"]
[EventRounds "9"]
[EventCountry "NZL"]
[SourceTitle "EXT 2021"]
[Source "ChessBase"]
[SourceDate "2020.10.23"]
[SourceVersion "1"]
[SourceVersionDate "2020.10.23"]
[SourceQuality "1"]

1. e4 e6 2. d4 d5 3. Nc3 Bb4 4. e5 Qd7 5. Qg4 f5 6. Qg3 b6 7. Bd2 Ba6 8. Bxa6 Nxa6 9. Qd3 Nb8 10. Nf3 Ne7 11. Ne2 Bxd2+ 12. Qxd2 Nbc6 13. Nf4 h6 14. h4 g6 15. b3 0-0-0 16. 0-0-0 Na5 17. Kb1 Kb8 18. Rc1 Rdg8 19. g3 Rg7 20. Ka1 Kb7 21. Qd3 Re8 22. Qd2 Rh8 23. Qd3 Re8 24. Qd2 Rh8 1/2-1/2

[Event "George Trundle Qualifiers"]
[Site "Auckland"]
[Date "2020.01.05"]
[Round "2"]
[White "Garbett, Paul Anthony"]
[Black "Milligan, Helen"]
[Result "1-0"]
[WhiteElo "2185"]
[BlackElo "1940"]
[PlyCount "123"]
[EventDate "2020.01.04"]
[EventType "tourn"]
[EventRounds "9"]
[EventCountry "NZL"]
[SourceTitle "EXT 2021"]
[Source "ChessBase"]
[SourceDate "2020.10.23"]
[SourceVersion "1"]
[SourceVersionDate "2020.10.23"]
[SourceQuality "1"]

1. e4 e5 2. Nf3 Nc6 3. Bb5 a6 4. Ba4 Nf6 5. 0-0 Be7 6. Re1 b5 7. Bb3 d6 8. c3 0-0 9. h3 Bb7 10. d4 Re8 11. Nbd2 Bf8 12. d5 Nb8 13. a4 c6 14. dxc6 Bxc6 15. axb5 axb5 16. Rxa8 Bxa8 17. Ba2 Qa5 18. Bb1 Nbd7 19. Bd3 Qb6 20. Qe2 Bc6 21. b4 h6 22. Qd1 d5 23. exd5 Nxd5 24. Qc2 Nf4 25. Bh7+ Kh8 26. Bf5 Qb7 27. Ne4 Nb6 28. Bxf4 exf4 29. Ned2 Rxe1+ 30. Nxe1 g6 31. Be4 Bg7 32. Qd3 Na4 33. Bxc6 Qxc6 34. c4 bxc4 35. Qxc4 Qd7 36. Nef3 Nc3 37. Kh2 g5 38. Ne4 Nxe4 39. Qxe4 f5 40. Qc2 Bf6 41. Qc5 Kg7 42. b5 g4 43. b6 Bd8 44. Nd4 Kg6 45. b7 Bc7 46. Qc6+ Qxc6 47. Nxc6 f3+ 48. g3 f4 49. gxf4 Bxf4+ 50. Kg1 g3 51. b8Q Bxb8 52. Nxb8 g2 53. Nc6 Kf5 54. Ne7+ Kg5 55. Nc6 Kf5 56. Kh2 h5 57. Nd4+ Ke4 58. Nc2 Kf5 59. Ne3+ Kf4 60. Nc4 Kf5 61. Nd2 Kf4 62. Kg1 1-0

[Event "Wch Seniors 50 (Women) 29th"]
[Site "Bucharest"]
[Date "2019.11.16"]
[Round "5"]
[White "Krasenkova, Ilena"]
[Black "Milligan, Helen"]
[Result "1-0"]
[WhiteElo "2231"]
[BlackElo "1940"]
[PlyCount "91"]
[EventDate "2019.11.12"]
[EventType "swiss"]
[EventRounds "11"]
[EventCountry "ROU"]
[SourceTitle "CBM 193 Extra"]
[Source "ChessBase"]
[SourceDate "2020.01.31"]
[SourceVersion "1"]
[SourceVersionDate "2020.01.31"]
[SourceQuality "1"]

1. d4 Nf6 2. c4 g6 3. Nc3 Bg7 4. e4 d6 5. h3 0-0 6. Nf3 e5 7. d5 Nh5 8. Nh2 Qe8 9. Be2 Nf4 10. Bf3 f5 11. 0-0 a5 12. Re1 Qd8 13. Bxf4 exf4 14. Qd2 Na6 15. Qxf4 fxe4 16. Qxe4 Bf5 17. Qe2 Nc5 18. Rad1 Qh4 19. Bg4 Bxg4 20. Nxg4 h5 21. Nh2 Be5 22. Nf3 Rxf3 23. Qxf3 Rf8 24. Qe3 Qxc4 25. Qg5 Kh7 26. Rxe5 dxe5 27. Qxe5 Nd3 28. Qe7+ Kg8 29. Qe4 Qxe4 30. Nxe4 Nxb2 31. Rb1 Nc4 32. Rxb7 Rf7 33. Ng5 Rd7 34. Rb5 a4 35. Ne4 Kg7 36. Rc5 Nb6 37. Nc3 Kf6 38. f4 Ke7 39. Kf2 Kd8 40. Kf3 Re7 41. Rc6 Rg7 42. d6 Rd7 43. Nb5 Nd5 44. dxc7+ Nxc7 45. Nxc7 Rxc7 46. Rxc7 1-0

[Event "NZL-ch op 126th"]
[Site "Auckland"]
[Date "2019.01.20"]
[Round "7"]
[White "Buciu, Aurel John"]
[Black "Milligan, Helen"]
[Result "0-1"]
[WhiteElo "1756"]
[BlackElo "1954"]
[PlyCount "60"]
[EventDate "2019.01.14"]
[EventType "swiss"]
[EventRounds "9"]
[EventCountry "NZL"]
[SourceTitle "CBM 188 Extra"]
[Source "ChessBase"]
[SourceDate "2019.02.26"]
[SourceVersion "1"]
[SourceVersionDate "2019.02.26"]
[SourceQuality "1"]

1. d4 Nf6 2. Bf4 g6 3. Nf3 d6 4. e3 Bg7 5. Nbd2 0-0 6. Bd3 c5 7. c3 Nc6 8. Bc2 b5 9. h3 Bb7 10. 0-0 Rc8 11. dxc5 dxc5 12. Ne4 Nxe4 13. Bxe4 Qb6 14. Qd7 Rfd8 15. Qg4 f5 16. Bxf5 gxf5 17. Qxf5 Rf8 18. Qe6+ Kh8 19. Ng5 Nd8 20. Qxe7 Qg6 21. Be5 Kg8 22. Bd6 h6 23. f4 hxg5 24. fxg5 Rxf1+ 25. Rxf1 Qe4 26. Rf8+ Kh7 27. g6+ Kxg6 28. Qe8+ Qxe8 29. Rxe8 c4 30. e4 Nc6 0-1

[Event "NZL-ch op 126th"]
[Site "Auckland"]
[Date "2019.01.19"]
[Round "6"]
[White "Milligan, Helen"]
[Black "Gottuk, Stefan"]
[Result "1/2-1/2"]
[WhiteElo "1954"]
[BlackElo "2179"]
[PlyCount "72"]
[EventDate "2019.01.14"]
[EventType "swiss"]
[EventRounds "9"]
[EventCountry "NZL"]
[SourceTitle "CBM 188 Extra"]
[Source "ChessBase"]
[SourceDate "2019.02.26"]
[SourceVersion "1"]
[SourceVersionDate "2019.02.26"]
[SourceQuality "1"]

1. e4 e6 2. d4 d5 3. Nc3 Bb4 4. e5 c5 5. a3 Bxc3+ 6. bxc3 Ne7 7. Qg4 Kf8 8. h4 Qa5 9. Rh3 Nbc6 10. Bd2 Qa4 11. h5 h6 12. Qf4 b6 13. Bd3 c4 14. Bg6 Nd8 15. g4 Qe8 16. Nf3 Kg8 17. g5 hxg5 18. Nxg5 fxg6 19. hxg6 Rxh3 20. Nxh3 Nxg6 21. Qg5 Ne7 22. 0-0-0 Nf5 23. Nf4 Qe7 24. Qh5 Nf7 25. Ng6 Qxa3+ 26. Kb1 Bd7 27. Rh1 N7h6 28. Bxh6 Nxh6 29. Qg5 Kf7 30. Rxh6 Rg8 31. Rh8 Rxh8 32. Nxh8+ Kg8 33. Qd8+ Kh7 34. Qh4+ Kg8 35. Qd8+ Kh7 36. Qh4+ Kg8 1/2-1/2

[Event "Wch Seniors 50 (Women) 28th"]
[Site "Bled"]
[Date "2018.11.25"]
[Round "7"]
[White "Milligan, Helen"]
[Black "Hazim Gonzalez, Elizabeth"]
[Result "1-0"]
[WhiteElo "1954"]
[BlackElo "1768"]
[PlyCount "101"]
[EventDate "2018.11.18"]
[EventType "swiss"]
[EventRounds "11"]
[EventCountry "SLO"]
[SourceTitle "CBM 187 Extra"]
[Source "ChessBase"]
[SourceDate "2018.11.04"]
[SourceVersion "1"]
[SourceVersionDate "2018.11.04"]
[SourceQuality "1"]

1. e4 c5 2. Nf3 Nc6 3. Bb5 g6 4. Bxc6 dxc6 5. d3 Bg7 6. h3 e5 7. Nc3 Ne7 8. Be3 b6 9. Qd2 0-0 10. 0-0 Be6 11. Ng5 Qd6 12. Nxe6 Qxe6 13. f4 Rad8 14. Qe2 f5 15. fxe5 Bxe5 16. Bg5 f4 17. Bxe7 Qxe7 18. Rab1 Qg7 19. Nd1 Bd4+ 20. Kh1 h5 21. c3 Be5 22. Qf3 Qh6 23. Kg1 g5 24. Kf2 Rd7 25. Ke1 Rfd8 26. Nf2 Rg7 27. Rd1 Qg6 28. Qe2 g4 29. hxg4 hxg4 30. d4 cxd4 31. cxd4 Bc7 32. Qc4+ Rf7 33. Qe2 f3 34. gxf3 gxf3 35. Qe3 Bf4 36. Qd3 Bd6 37. a3 Bf4 38. b4 Kf8 39. e5 Qxd3 40. Rxd3 Bg3 41. Kd2 Bxf2 42. Rxf2 Ke7 43. Ke3 Rdf8 44. Rc3 Kd7 45. a4 a6 46. b5 axb5 47. axb5 cxb5 48. Ke4 Rf4+ 49. Kd5 Re8 50. Rfxf3 Rxf3 51. Rxf3 1-0

[Event "Wch Seniors 50 (Women) 28th"]
[Site "Bled"]
[Date "2018.11.21"]
[Round "4"]
[White "Khropova, Larisa"]
[Black "Milligan, Helen"]
[Result "1-0"]
[WhiteElo "2052"]
[BlackElo "1954"]
[PlyCount "45"]
[EventDate "2018.11.18"]
[EventType "swiss"]
[EventRounds "11"]
[EventCountry "SLO"]
[SourceTitle "CBM 187 Extra"]
[Source "ChessBase"]
[SourceDate "2018.11.04"]
[SourceVersion "1"]
[SourceVersionDate "2018.11.04"]
[SourceQuality "1"]

1. d4 Nf6 2. c4 g6 3. Nc3 Bg7 4. e4 d6 5. Be2 0-0 6. Be3 e5 7. d5 c6 8. g4 Na6 9. f3 Kh8 10. Qd2 c5 11. 0-0-0 Nc7 12. Bd3 Bd7 13. Nge2 a6 14. Ng3 b5 15. h4 bxc4 16. Bxc4 Nb5 17. h5 Rg8 18. hxg6 fxg6 19. g5 Nh5 20. Nxh5 gxh5 21. Rxh5 h6 22. Qh2 Rf8 23. g6 1-0